| 000 -LEADER |
| fixed length control field |
00938nam a22002777a 4500 |
| 008 - FIXED-LENGTH DATA ELEMENTS--GENERAL INFORMATION |
| fixed length control field |
131114b xxu||||| |||| 00| 0 eng d |
| 020 ## - INTERNATIONAL STANDARD BOOK NUMBER |
| International Standard Book Number |
0920157149 |
| 041 0# - LANGUAGE CODE |
| Language code of text/sound track or separate title |
eng |
| -- |
fre |
| 080 ## - UNIVERSAL DECIMAL CLASSIFICATION NUMBER |
| Universal Decimal Classification number |
341 |
| Common auxiliary subdivision |
(71) |
| 245 00 - TITLE STATEMENT |
| Title |
Canadian Council on International Law = Conesil Canadien de droit international : |
| 260 ## - |
| -- |
Otawa : |
| -- |
Proceedings XVIIITH annual conference ; |
| -- |
1989. |
| 300 ## - |
| -- |
445 f. : |
| -- |
23 cm. |
| 650 #0 - |
| -- |
E drejta ndërkombëtare |
| 700 1# - |
| -- |
Etherington, Brian edt. |
| 700 1# - |
| -- |
Fleming, Donald edt. |
| 700 1# - |
| -- |
Hughes, Elaine edt. |
| 700 1# - |
| -- |
Irish, Maureen edt. |
| 700 1# - |
| -- |
Le Bouthiller, Yves edt. |
| 700 1# - |
| -- |
Louise, Lussier edt. |
| 700 1# - |
| -- |
Mazer, Brian edt. |
| 700 1# - |
| -- |
Reif, Linda edt. |
| 700 1# - |
| -- |
Rowe, Shelley edt. |
| 700 1# - |
| -- |
Sanfilippo, Andrew edt. |
| 700 1# - |
| -- |
Toope, Stephen edt. |
| 942 ## - ADDED ENTRY ELEMENTS (KOHA) |
| Source of classification or shelving scheme |
|
| Item type |
Books |